<?xml version="1.0" encoding="UTF-8"?>
<record
    xmlns:xsi="http://www.w3.org/2001/XMLSchema-instance"
    xsi:schemaLocation="http://www.loc.gov/MARC21/slim http://www.loc.gov/standards/marcxml/schema/MARC21slim.xsd"
    xmlns="http://www.loc.gov/MARC21/slim">

  <leader>00616cam a2200217ua 4500</leader>
  <controlfield tag="001">9896</controlfield>
  <controlfield tag="008">161007n        ii  |||gr||||Z||||||asm</controlfield>
  <datafield tag="020" ind1=" " ind2=" ">
    <subfield code="a">9788191068924</subfield>
  </datafield>
  <datafield tag="040" ind1=" " ind2=" ">
    <subfield code="c">MAIN</subfield>
  </datafield>
  <datafield tag="041" ind1=" " ind2=" ">
    <subfield code="a">asm</subfield>
  </datafield>
  <datafield tag="082" ind1=" " ind2=" ">
    <subfield code="a">338.5</subfield>
  </datafield>
  <datafield tag="100" ind1=" " ind2=" ">
    <subfield code="a">Chaudhury, Rabindra Kumar,</subfield>
    <subfield code="e">Author.</subfield>
  </datafield>
  <datafield tag="245" ind1=" " ind2=" ">
    <subfield code="a">Prarombhik byastibadi arthabigyan : </subfield>
    <subfield code="b">HS 2nd year / </subfield>
    <subfield code="c">By Rabindra Kumar Chaudhury &amp; Susmita Priyadarshini . </subfield>
  </datafield>
  <datafield tag="250" ind1=" " ind2=" ">
    <subfield code="a">5th ed.</subfield>
  </datafield>
  <datafield tag="260" ind1=" " ind2=" ">
    <subfield code="a">Guwahati:</subfield>
    <subfield code="b">Rupalim prakashan,</subfield>
    <subfield code="c">2014.</subfield>
  </datafield>
  <datafield tag="300" ind1=" " ind2=" ">
    <subfield code="a">220p.</subfield>
  </datafield>
  <datafield tag="653" ind1=" " ind2=" ">
    <subfield code="a">Production</subfield>
  </datafield>
  <datafield tag="653" ind1=" " ind2=" ">
    <subfield code="a">Microeconomics</subfield>
  </datafield>
  <datafield tag="700" ind1=" " ind2=" ">
    <subfield code="a">Priyadarshini, Susmita,</subfield>
    <subfield code="e">Author.</subfield>
  </datafield>
  <datafield tag="942" ind1=" " ind2=" ">
    <subfield code="c">BK</subfield>
  </datafield>
  <datafield tag="999" ind1=" " ind2=" ">
    <subfield code="c">8905</subfield>
    <subfield code="d">8905</subfield>
  </datafield>
  <datafield tag="952" ind1=" " ind2=" ">
    <subfield code="0">0</subfield>
    <subfield code="1">0</subfield>
    <subfield code="4">0</subfield>
    <subfield code="7">0</subfield>
    <subfield code="a">MAIN</subfield>
    <subfield code="b">MAIN</subfield>
    <subfield code="c">GEN</subfield>
    <subfield code="d">2020-09-19</subfield>
    <subfield code="l">8</subfield>
    <subfield code="o">338.5 | CHA</subfield>
    <subfield code="p">23353</subfield>
    <subfield code="r">2024-12-03 09:07:55</subfield>
    <subfield code="s">2024-12-03</subfield>
    <subfield code="t">1</subfield>
    <subfield code="w">2020-09-19</subfield>
    <subfield code="y">BK</subfield>
  </datafield>
  <datafield tag="952" ind1=" " ind2=" ">
    <subfield code="0">0</subfield>
    <subfield code="1">0</subfield>
    <subfield code="4">0</subfield>
    <subfield code="7">0</subfield>
    <subfield code="a">MAIN</subfield>
    <subfield code="b">MAIN</subfield>
    <subfield code="c">GEN</subfield>
    <subfield code="d">2020-09-19</subfield>
    <subfield code="l">7</subfield>
    <subfield code="o">338.5 | CHA</subfield>
    <subfield code="p">23354</subfield>
    <subfield code="r">2023-12-13 00:00:00</subfield>
    <subfield code="s">2023-11-29</subfield>
    <subfield code="t">2</subfield>
    <subfield code="w">2020-09-19</subfield>
    <subfield code="y">BK</subfield>
  </datafield>
  <datafield tag="952" ind1=" " ind2=" ">
    <subfield code="0">0</subfield>
    <subfield code="1">0</subfield>
    <subfield code="4">0</subfield>
    <subfield code="7">0</subfield>
    <subfield code="a">MAIN</subfield>
    <subfield code="b">MAIN</subfield>
    <subfield code="c">GEN</subfield>
    <subfield code="d">2020-09-19</subfield>
    <subfield code="l">6</subfield>
    <subfield code="o">338.5 | CHA</subfield>
    <subfield code="p">23355</subfield>
    <subfield code="r">2022-11-14 00:00:00</subfield>
    <subfield code="s">2022-10-31</subfield>
    <subfield code="t">3</subfield>
    <subfield code="w">2020-09-19</subfield>
    <subfield code="y">BK</subfield>
  </datafield>
</record>
